| 000 | 01074cam a2200277 a 4500 | ||
|---|---|---|---|
| 001 | 2579952 | ||
| 003 | NUST-PNEC | ||
| 005 | 20170116180736.0 | ||
| 008 | 960730s1996 scua 000 0 eng | ||
| 010 | _a 96027631 | ||
| 020 | _a1566079780 | ||
| 040 |
_aDLC _cPNEC |
||
| 050 | 0 | 0 |
_aQA76.76.S64 _bB88 1996 |
| 082 | 0 | 0 |
_a005.16 BUT _220 |
| 100 | 1 | _aButler, Janet G. | |
| 245 | 1 | 4 |
_aThe year 2000 crisis : developing a successful plan for information systems / _cJanet G. Butler. |
| 250 | _a1st ed. | ||
| 260 |
_aCharleston, S.C. : _bComputer Technology Research Corp., _c1996. |
||
| 300 |
_avi, 230 p. : _bill. ; _c28 cm. |
||
| 500 | _aIncludes index. | ||
| 650 | 0 |
_aSoftware maintenance. _xMIS, Computer |
|
| 856 | _uhttp://www.amazon.com/Year-2000-Crisis-Developing-Information/dp/1566079780/ref=sr_1_1?ie=UTF8&qid=1416813509&sr=8-1&keywords=1566079780 | ||
| 906 |
_a7 _bcbc _corignew _d1 _eocip _f19 _gy-gencatlg |
||
| 942 |
_2ddc _cBK |
||
| 999 |
_c61965 _d61965 |
||